LEADER 01327nam0 2200349 450 001 000033785 005 20130806102443.0 100 $a20121107d1978----km-y0itaa50------ba 101 0 $aita 102 $aIT 200 1 $aPsicologia dell'io e problema dell'adattamento$fHeinz Hartmann 205 $a2. ed. 210 $aTorino$cBoringhieri$d1978 215 $a124 p.$d21 cm 225 2 $aProgramma di psicologia, psichiatria, psicoterapia 300 $aTraduzione di Marianne Low-Beer 410 0$12001$aProgramma di psicologia, psichiatria, psicoterapia 454 1$12001$aIch-Psychologie und Anpassungsproblem$925384 606 1 $aAdattamento$xPsicanalisi 676 $a155.24$v(21. ed.)$9Psicologia individuale. Adattabilitą 700 1$aHartmann,$bHeinz$0107979 801 0$aIT$bUniversitą della Basilicata - B.I.A.$gREICAT$2unimarc 912 $a000033785 996 $aIch-Psychologie und Anpassungsproblem$925384 997 $aUNIBAS BAS $aLETTERE CAT $aSTD085$b01$c20121107$lBAS01$h1641 CAT $aSTD085$b01$c20121108$lBAS01$h0950 CAT $aSTD091$b01$c20130610$lBAS01$h1144 CAT $aMDL$b30$c20130806$lBAS01$h1024 FMT Z30 -1$lBAS01$LBAS01$mBOOK$1BASA1$APolo Storico-Umanistico$2GEN$BCollezione generale$3FP/54616$654616$5L54616$820121107$f02$FPrestabile Generale LEADER 00946nam0 2200253 450 001 000044846 005 20180706115121.0 100 $a20180706d1979----km-y0itaa50------ba 101 0 $aita 102 $aIT 200 1 $aAccettura, Il contadino, L'albero, Il santo$fGiovanni Battista Bronzini 210 $aGalatina$cCongedo$d1979 215 $a239 p., [12] carte di tav.$cill.$d25 cm 607 $aAccettura$xUsanze 676 $a306.09457$v(22. ed.)$9Cultura e istituzioni. Italia meridionale 700 1$aBronzini,$bGiovanni Battista$0120671 801 0$aIT$bUniversitą della Basilicata - B.I.A.$gREICAT$2unimarc 912 $a000044846 996 $aAccettura, il contadino, l'albero, il santo$9211377 997 $aUNIBAS BAS $aLETTERE CAT $aMDL$b30$c20180706$lBAS01$h1151 FMT Z30 -1$lBAS01$LBAS01$mBOOK$1BASA4$APolo di Matera$2GEN$BCollezione generale$3MSR/116082$6116082$5L116082$820180706$f02$FPrestabile Generale